Disertación teológico-canónica en que se examina la verdadera doctrina sobre el estado de las sillas episcopales cuando se dicen impedidas / (Record no. 156331)

MARC details
000 -LEADER
campo de control de longitud fija 00689nam a2200157 i 4500
001 - NÚMERO DE CONTROL
campo de control 156331
003 - IDENTIFICADOR DE NÚMERO DE CONTROL
campo de control ES-MaACL
005 - FECHA Y HORA DE LA ÚLTIMA TRANSACCIÓN
campo de control 20230906210401.0
008 - DATOS DE LONGITUD FIJA--INFORMACIÓN GENERAL
campo de control de longitud fija 020403s1843 sp |||| | spa d
100 1# - ENTRADA PRINCIPAL--NOMBRE DE PERSONA
Nombre de persona Jimena, Juan Miguel.
9 (RLIN) 128303
245 10 - MENCIÓN DEL TÍTULO
Título Disertación teológico-canónica en que se examina la verdadera doctrina sobre el estado de las sillas episcopales cuando se dicen impedidas /
Mención de responsabilidad, etc. trabajado por D. Juan Miguel Jimena, e insertado en La Voz de la religión.
260 ## - PUBLICACIÓN, DISTRIBUCIÓN, ETC.
Lugar de publicación, distribución, etc. Madrid :
Nombre del editor, distribuidor, etc. [s.n.],
Fecha de publicación, distribución, etc. 1843 (
Fabricante Imp. de Don Rufino La Sota)
300 ## - DESCRIPCIÓN FÍSICA
Extensión 70 p. ;
Dimensiones 20 cm.
650 #4 - PUNTO DE ACCESO ADICIONAL DE MATERIA--TÉRMINO DE MATERIA
Término de materia o nombre geográfico como elemento de entrada Diócesis.
9 (RLIN) 168350
852 4# - LOCALIZACIÓN
Ubicación ES-MaACL
Número de control de estantería T-4-F-5
Nota libre - Enc. hol.
-- - Enc. en un vol facticio
Holdings
Estatus retirado Estado de pérdida Estado de daño No para préstamo Colección Biblioteca de origen Biblioteca actual Ubicación en estantería Fecha de adquisición Total de préstamos Signatura topográfica completa Código de barras Visto por última vez Precio de reemplazo Tipo de ítem Koha
        Colección de folletos Biblioteca del Ateneo de Madrid Biblioteca del Ateneo de Madrid Depósito folletos 17/01/2008   T-4-F-5 1163554 23/02/2023 23/02/2023 Folleto